000 00553nam a2200229Ia 4500
003 OSt
005 20221005124450.0
006 a|||||r|||| 00| 0
007 ta
008 221004b |||||||| |||| 00| 0 eng d
024 _a58887
037 _cTextual
040 _aCRL
_cCRL
_beng
041 _2eng
_aeng
082 _aU8:2:M5, A1
100 _aCampbell Walter
_9635287
245 0 _aMy Indian journey
260 _c1801
650 _aGEOGRAPHY
942 _hU8:2:M5, A1
_cTEXL
_2cc
999 _c1050570
_d1050570